| 000 | 00742nam a2200229Ia 4500 | ||
|---|---|---|---|
| 003 | GCL | ||
| 005 | 20240530104810.0 | ||
| 008 | 140319s9999 xx 000 0 ara d | ||
| 040 |
_aGCL / _cGCL |
||
| 082 | 0 | 4 |
_aق _b329.962 _bى ت |
| 100 | 1 | _aيونان لبيب رزق | |
| 245 | 1 | 0 |
_aتاريخ الأحزاب المصرية / _cيونان لبيب رزق |
| 300 | _a271 ص | ||
| 490 |
_aمكتبة الاسرة _v0 |
||
| 650 | 0 | 4 | _aالاحزاب السياسية |
| 650 | 0 | 4 | _aالحزب الوطنى |
| 650 | 0 | 4 | _aمصر - الاحزاب السياسية |
| 650 | 0 | 4 | _aمصر - حزب الوفد الجديد |
| 650 | 0 | 4 | _aالاحزاب السياسية - تاريخ |
| 650 | 0 | 4 | _aمصر - حزب الأمة |
| 942 |
_2ddc _cBK |
||
| 999 |
_c50773 _d50773 |
||